00498nam a2200169 a 450008200120000010000190001224500330003126000330006430000090009750000350010650500170014165000230015870000190018194200070020095201060020799900150031300a109 HON aHonderich, Ted aPhilosophy Through Its Past. aBritainbPenguin Booksc1984 a534p aincludes index and biblioraphy2 apelican book aPhilosophy-History1 aHonderich, Ted cBK 00104070aHMIbHMId2007-03-15g157.00l1o109 HONp012884r2017-08-30s2017-08-25w2026-01-16yBK c9252d9252